000 00621nam a2200193 i 4500
001 40548
003 ES-MaACL
005 20250820063028.0
007 t|
008 030306s1967 sp ||||1| cat d
100 1 _aCarreras Costajussà, Miquel,
_d1905-1938
_935670
245 1 0 _aElements d'historia de Sabadell /
_cMiguel Carreras Costajussáa.
260 _aSabadell :
_bCaixa d'Estalvis,
_c1967.
300 _a1 v. :
_bil. ;
_c28 cm.
500 _aEs el fasc. 1º,2º,3º,7º,8º,16º,17º,18º.
710 2 _aCaixa d'Estalvis.
_92273
852 _aES-MaACL
_jG-3573-5
_bR.64101
999 _c40548
_d40548